日本都道府縣-繁中版 - Statistics

General Stats
  • This quiz has been taken 50 times
  • The average score is 35 of 47
Answers on the Map
Answers color-coded by a green-red scale on the quiz's map according to % correct below.
 
Answer Stats
Prefecture % Correct
北海道
100%
青森
96%
東京
93%
秋田
89%
千葉
86%
福島
86%
岩手
86%
熊本
86%
沖繩
86%
大阪
86%
鹿兒島
82%
神奈川
82%
京都
82%
宮城
82%
大分
82%
山形
82%
山口
79%
福岡
75%
宮崎
75%
奈良
75%
佐賀
75%
靜岡
75%
鳥取
75%
愛知
71%
兵庫
71%
石川
71%
長野
71%
長崎
71%
岡山
71%
和歌山
71%
愛媛
68%
廣島
68%
三重
68%
新潟
68%
滋賀
68%
德島
68%
富山
68%
茨城
64%
香川
64%
山梨
64%
福井
61%
群馬
61%
高知
61%
琦玉
61%
島根
61%
栃木
54%
歧阜
32%
No matching quizzes found
Score Distribution
Percent of People with Each Score
Percentile by Number Answered
Your Score History
You have not taken this quiz